[Event "Mauricie ch"]
[Site "Trois-Rivieres CAN"]
[Date "1998.03.22"]
[Round "4"]
[White "Wenaas, Eric"]
[Black "Hebert, Jean"]
[Result "0-1"]
[WhiteElo "2117"]
[BlackElo "2465"]
[PlyCount "76"]
[GameId "2160767911873740"]
[EventDate "1998.03.20"]
[EventType "swiss"]
[EventRounds "5"]
[EventCountry "CAN"]

1. Nf3 Nf6 2. c4 g6 3. g3 Bg7 4. Bg2 O-O 5. O-O d6 6. Nc3 Nc6 7. d3 h6 8. Rb1 e5 9. b4 Nh5 10. b5 Ne7 11. Nd5 f5 12. Nd2 Nxd5 13. cxd5 Rf7 14. a4 Nf6 15. Qb3 g5 16. a5 b6 17. Nc4 f4 18. Ra1 Rb8 19. axb6 axb6 20. Bb2 Nd7 21. Ra7 Nc5 22. Qd1 Bd7 23. Na3 Ra8 24. Rxa8 Qxa8 25. Qa1 Qe8 26. d4 exd4 27. Nc2 Qxe2 28. Nxd4 Bxd4 29. Bxd4 Nb3 30. Qc3 Nxd4 31. Qxd4 f3 32. Bh1 Re7 33. h4 g4 34. Ra1 Qe5 35. Ra8+ Kf7 36. Qxe5 Rxe5 37. Ra7 Rxd5 38. Rxc7 Ke6 0-1

[Event "Mauricie ch"]
[Site "Trois-Rivieres CAN"]
[Date "1998.03.22"]
[Round "5"]
[White "Regnier, Alain"]
[Black "Hebert, Jean"]
[Result "0-1"]
[WhiteElo "1932"]
[BlackElo "2465"]
[PlyCount "59"]
[GameId "2160767911873742"]
[EventDate "1998.03.20"]
[EventType "swiss"]
[EventRounds "5"]
[EventCountry "CAN"]

1. e4 c5 2. g3 Nc6 3. Bg2 g6 4. Ne2 Bg7 5. O-O e6 6. c3 Nge7 7. d4 cxd4 8. cxd4 d5 9. Nbc3 dxe4 10. Nxe4 h6 11. Bf4 Nf5 12. Qa4 O-O 13. Rfd1 Qb6 14. Nd6 Nfe7 15. Nc4 Qd8 16. Nc3 Bd7 17. Qb3 Nxd4 18. Qxb7 Bc6 19. Bxc6 Nexc6 20. Bd6 Re8 21. Bc5 Rb8 22. Qa6 Qg5 23. Ne4 Qd5 24. Ncd6 Red8 25. Bxd4 Nxd4 26. Qxa7 e5 27. Rac1 Rxb2 28. Qe7 Rf8 29. Nf6+ Bxf6 30. Qxf6 0-1

[Event "Carnaval"]
[Site "Quebec CAN"]
[Date "1998.02.20"]
[Round "1"]
[White "Hebert, Jean"]
[Black "Auger, Bertrand"]
[Result "1-0"]
[WhiteElo "2462"]
[BlackElo "1980"]
[PlyCount "49"]
[GameId "2160767911873883"]
[EventDate "1998.02.20"]
[EventType "swiss"]
[EventRounds "5"]
[EventCountry "CAN"]

1. c4 e5 2. Nc3 Nc6 3. Nf3 g6 4. d4 exd4 5. Nxd4 Bg7 6. Nxc6 bxc6 7. g3 Ne7 8. Bg2 O-O 9. O-O d6 10. e4 Be6 11. Qd3 Rb8 12. b3 Qc8 13. Bg5 Re8 14. Rac1 Bh3 15. c5 d5 16. Bxe7 dxe4 17. Qxe4 Bxg2 18. Qxg2 Rxe7 19. Qxc6 Qf5 20. Nd5 Re2 21. Rce1 Qe5 22. Rxe2 Qxe2 23. Qxc7 Be5 24. Qe7 h5 25. Nf6+ 1-0

[Event "Carnaval"]
[Site "Quebec CAN"]
[Date "1998.02.21"]
[Round "2"]
[White "Goldenberg, Danny"]
[Black "Hebert, Jean"]
[Result "1-0"]
[WhiteElo "2293"]
[BlackElo "2462"]
[PlyCount "76"]
[GameId "2160767911873885"]
[EventDate "1998.02.20"]
[EventType "swiss"]
[EventRounds "5"]
[EventCountry "CAN"]

1. e4 c5 2. Nf3 e6 3. Nc3 Nc6 4. d4 cxd4 5. Nxd4 a6 6. Be3 Qc7 7. Bd3 Nf6 8. O-O b5 9. Nxc6 Qxc6 10. a3 Bb7 11. Qe2 Be7 12. f4 h5 13. h3 h4 14. Rf2 Nh5 15. Bd4 Bc5 16. Qe3 Rc8 17. Bxc5 Qxc5 18. Qxc5 Rxc5 19. a4 b4 20. Na2 a5 21. Nc1 Ng3 22. Nb3 Rc8 23. e5 Ra8 24. Bb5 Bd5 25. Nc5 Ra7 26. Rd1 Ke7 27. Nb3 Ne4 28. Re2 Bxb3 29. cxb3 d5 30. Rc2 g5 31. fxg5 Rh5 32. Rc8 Nd6 33. exd6+ Kxd6 34. Rc6+ Ke7 35. g6 Re5 36. gxf7 Kxf7 37. Rd4 Re3 38. Rxh4 Kf6 1-0

[Event "Carnaval"]
[Site "Quebec CAN"]
[Date "1998.02.21"]
[Round "3"]
[White "Hebert, Jean"]
[Black "Deschenes, Eric"]
[Result "1-0"]
[WhiteElo "2462"]
[BlackElo "1746"]
[PlyCount "60"]
[GameId "2160767911873886"]
[EventDate "1998.02.20"]
[EventType "swiss"]
[EventRounds "5"]
[EventCountry "CAN"]

1. c4 e5 2. Nc3 Nc6 3. Nf3 Nf6 4. g3 Bc5 5. Bg2 d6 6. O-O a6 7. e3 O-O 8. d4 Ba7 9. h3 h6 10. Kh2 Re8 11. d5 Ne7 12. e4 Nh7 13. Nh4 f5 14. f4 exf4 15. gxf4 fxe4 16. Bxe4 Nf6 17. Bc2 Bd7 18. a4 c6 19. dxc6 Bxc6 20. b4 b5 21. cxb5 axb5 22. axb5 Bb7 23. Bb2 d5 24. Na4 d4 25. Nc5 Bd5 26. Bxd4 Bxc5 27. bxc5 Rxa1 28. Bxa1 Be4 29. Qxd8 Rxd8 30. Bxf6 Rd1 1-0

[Event "Pere Noel"]
[Site "Montreal CAN"]
[Date "1997.12.26"]
[Round "1"]
[White "Hebert, Jean"]
[Black "Latendresse, Simon"]
[Result "1-0"]
[WhiteElo "2465"]
[BlackElo "2065"]
[PlyCount "53"]
[GameId "2160767911874279"]
[EventDate "1997.12.26"]
[EventType "swiss"]
[EventRounds "5"]
[EventCountry "CAN"]
[SourceTitle "EXT 2002"]
[Source "ChessBase"]
[SourceDate "2001.11.25"]
[SourceVersion "1"]
[SourceVersionDate "2001.11.25"]
[SourceQuality "1"]

1. c4 Nf6 2. Nc3 g6 3. e4 d6 4. d4 Bg7 5. Be2 O-O 6. f4 c5 7. d5 b5 8. cxb5 a6 9. bxa6 Bxa6 10. Nf3 Qb6 11. O-O Ng4 12. Bxa6 c4+ 13. Kh1 Nxa6 14. Qe2 Nc5 15. Nd2 Nd3 16. Qxg4 Nxb2 17. e5 Nd3 18. Nde4 dxe5 19. f5 gxf5 20. Rxf5 Kh8 21. Rb1 Qg6 22. Qf3 f6 23. Bd2 Bh6 24. Bxh6 Qxh6 25. d6 exd6 26. Nxd6 Nf4 27. Qxa8 1-0

[Event "Pere Noel"]
[Site "Montreal CAN"]
[Date "1997.12.27"]
[Round "2"]
[White "Rousseau, Daniel"]
[Black "Hebert, Jean"]
[Result "0-1"]
[WhiteElo "2036"]
[BlackElo "2468"]
[PlyCount "82"]
[GameId "2160767911874284"]
[EventDate "1997.12.26"]
[EventType "swiss"]
[EventRounds "5"]
[EventCountry "CAN"]

1. d4 Nf6 2. c4 e6 3. Nf3 b6 4. g3 Ba6 5. Qc2 Bb7 6. Bg2 Be7 7. O-O O-O 8. Nc3 d5 9. Ne5 c6 10. Rd1 Nbd7 11. e4 dxc4 12. Nxc4 b5 13. Ne3 Rc8 14. b3 Re8 15. Bb2 Bf8 16. Ne2 Qb6 17. g4 c5 18. d5 exd5 19. exd5 c4 20. Bd4 cxb3 21. Qf5 Bc5 22. g5 Bxd4 23. Nxd4 Re5 24. Qf4 b2 25. Rab1 Nxd5 26. Nxd5 Bxd5 27. Nf5 Rc4 28. Qd2 Rxf5 29. Bxd5 Rg4+ 30. Kf1 Rgf4 31. Rxb2 g6 32. Qe1 Ne5 33. Be4 Rxg5 34. Qd2 Qf6 35. Qd8+ Qxd8 36. Rxd8+ Kg7 37. Re2 Ng4 38. Rd7 Nxh2+ 39. Ke1 a5 40. Bd5 Nf3+ 41. Bxf3 Rxf3 0-1

[Event "Pere Noel"]
[Site "Montreal CAN"]
[Date "1997.12.28"]
[Round "3"]
[White "Hebert, Jean"]
[Black "Leriche, Felix"]
[Result "1-0"]
[WhiteElo "2468"]
[BlackElo "2100"]
[PlyCount "95"]
[GameId "2160767911874288"]
[EventDate "1997.12.26"]
[EventType "swiss"]
[EventRounds "5"]
[EventCountry "CAN"]

1. c4 e6 2. Nf3 d5 3. e3 c6 4. d4 Bd6 5. Nc3 f5 6. Qc2 Nh6 7. b3 O-O 8. Bb2 Nd7 9. O-O-O Qe7 10. Kb1 a5 11. Bd3 Kh8 12. h3 dxc4 13. bxc4 e5 14. Be2 e4 15. Nd2 Nf6 16. Ka1 Nf7 17. Rb1 Be6 18. g4 Bb4 19. gxf5 Bxf5 20. Nf1 Nd6 21. c5 Bxc3 22. Bxc3 Nde8 23. Ng3 Bc8 24. Bc4 Nc7 25. Qd2 a4 26. Qc2 Ncd5 27. Be1 h5 28. Bxd5 cxd5 29. Ne2 Kh7 30. f4 Qc7 31. Nc3 Bd7 32. Bh4 Bc6 33. Rhg1 Qd7 34. Qg2 Qf7 35. Qe2 g6 36. Bxf6 Qxf6 37. Rg5 Qe6 38. Re5 Qxh3 39. Nxd5 Bxd5 40. Rxd5 Rf7 41. Re5 a3 42. Rxe4 Kh6 43. Qc4 Rd7 44. Qe6 Qg2 45. Re5 h4 46. Qf6 h3 47. Rg5 Qc2 48. Rh5+ 1-0

[Event "Pere Noel"]
[Site "Montreal CAN"]
[Date "1997.12.29"]
[Round "4"]
[White "Duong, Thanh Nha"]
[Black "Hebert, Jean"]
[Result "1/2-1/2"]
[WhiteElo "2285"]
[BlackElo "2465"]
[PlyCount "91"]
[GameId "2160767911874293"]
[EventDate "1997.12.26"]
[EventType "swiss"]
[EventRounds "5"]
[EventCountry "CAN"]
[SourceTitle "EXT 2002"]
[Source "ChessBase"]
[SourceDate "2001.11.25"]
[SourceVersion "1"]
[SourceVersionDate "2001.11.25"]
[SourceQuality "1"]

1. d4 Nf6 2. c4 g6 3. Nc3 Bg7 4. e4 d6 5. Be2 O-O 6. Be3 e5 7. d5 Na6 8. Nf3 Ng4 9. Bg5 f6 10. Bh4 g5 11. Bg3 f5 12. exf5 Bxf5 13. O-O Nc5 14. h3 Nh6 15. Qd2 Nf7 16. b4 Nd7 17. Rae1 a5 18. a3 axb4 19. axb4 Ra3 20. Nb5 Rb3 21. Qa2 Rxb4 22. Qa3 Rxb5 23. cxb5 Nc5 24. Nd2 Qd7 25. f3 c6 26. dxc6 bxc6 27. b6 Rb8 28. Nc4 Bf8 29. Bf2 Ne6 30. Qa7 Qc8 31. Ne3 Bg6 32. Ba6 Qd8 33. b7 d5 34. Ng4 Bd6 35. Qb6 Qxb6 36. Bxb6 Bc5+ 37. Bxc5 Nxc5 38. Ra1 Kg7 39. Rfe1 Nd7 40. Rec1 Nd8 41. Ra2 Kf7 42. Ne3 Ke6 43. Rd2 d4 44. Nc4 Kd5 45. Ne3+ Kd6 46. Nc4+ 1/2-1/2

[Event "Pere Noel"]
[Site "Montreal CAN"]
[Date "1997.12.30"]
[Round "5"]
[White "Hebert, Jean"]
[Black "Fillion, Steve"]
[Result "1/2-1/2"]
[WhiteElo "2468"]
[BlackElo "2098"]
[PlyCount "127"]
[GameId "2160767911874299"]
[EventDate "1997.12.26"]
[EventType "swiss"]
[EventRounds "5"]
[EventCountry "CAN"]

1. c4 c6 2. e4 d5 3. exd5 cxd5 4. d4 Nf6 5. Nc3 Nc6 6. Nf3 Bg4 7. cxd5 Nxd5 8. Qb3 Bxf3 9. gxf3 e6 10. Qxb7 Nxd4 11. Bb5+ Nxb5 12. Qc6+ Ke7 13. Qxb5 Qd7 14. Nxd5+ Qxd5 15. Qxd5 exd5 16. Be3 Ke6 17. Ke2 Be7 18. Rac1 Rhc8 19. Kd3 Bf6 20. b3 a6 21. Bd2 Kd7 22. Rhe1 Bb2 23. Rb1 Bf6 24. Rec1 h5 25. b4 g6 26. a4 Be5 27. h3 Bf6 28. f4 Bh4 29. Be3 Bf6 30. Rc5 Rxc5 31. Bxc5 Rc8 32. Rc1 Rc7 33. Rc2 Rb7 34. Re2 Rb8 35. Re1 Rb7 36. Rb1 Kc6 37. Be3 Be7 38. Bd2 Bh4 39. Rc1+ Kd6 40. Be3 Kd7 41. Rb1 Kc6 42. Rb2 Be7 43. Bd2 Rb8 44. Rb3 Rb7 45. Kc2 Rb8 46. Rb1 Rb7 47. Kb3 Bd6 48. Rc1+ Kd7 49. Rd1 Kc6 50. Rc1+ Kd7 51. Rd1 Kc6 52. Rb1 Rb8 53. Kc3 Be7 54. Kd3 Rb7 55. Ke3 Bf8 56. Kf3 Bd6 57. Bc3 Rb8 58. Bd2 Rb7 59. Ke3 Bf8 60. Kd4 Bg7+ 61. Kd3 Bf8 62. f3 Be7 63. Bc3 Bf8 64. Bd2 1/2-1/2

[Event "Masters-Juniors"]
[Site "Montreal CAN"]
[Date "1997.??.??"]
[Round "2"]
[White "Filion, Charles"]
[Black "Hebert, Jean"]
[Result "0-1"]
[WhiteElo "2145"]
[BlackElo "2450"]
[PlyCount "64"]
[GameId "2160767911874311"]
[EventDate "1997.12.17"]
[EventType "schev"]
[EventRounds "6"]
[EventCountry "CAN"]
[SourceTitle "EXT 2001"]
[Source "ChessBase"]
[SourceDate "2000.11.22"]
[SourceVersion "1"]
[SourceVersionDate "2000.11.22"]
[SourceQuality "1"]

1. e4 c5 2. Nf3 Nc6 3. d4 cxd4 4. Nxd4 e6 5. Nc3 a6 6. Be3 Nf6 7. Bd3 d6 8. O-O Be7 9. Kh1 Nxd4 10. Bxd4 e5 11. Be3 Be6 12. f4 Ng4 13. Bg1 exf4 14. Rxf4 Ne5 15. Nd5 Rc8 16. Nxe7 Qxe7 17. Qd2 O-O 18. b3 Rc6 19. c4 Rb8 20. Ba7 Rbc8 21. Bd4 Qg5 22. Raf1 h6 23. a4 Re8 24. h3 Qg3 25. Bc2 Rec8 26. Bf2 Qg5 27. Be3 Bxc4 28. bxc4 Nxc4 29. Qf2 Nxe3 30. Bb3 Nxf1 31. Rxf7 Kh7 32. Rf8 d5 0-1

[Event "Masters-Juniors"]
[Site "Montreal CAN"]
[Date "1997.??.??"]
[Round "4"]
[White "Hebert, Jean"]
[Black "Hua, Lefong"]
[Result "1-0"]
[WhiteElo "2450"]
[BlackElo "2210"]
[PlyCount "53"]
[GameId "2160767911874325"]
[EventDate "1997.12.17"]
[EventType "schev"]
[EventRounds "6"]
[EventCountry "CAN"]
[SourceTitle "EXT 2001"]
[Source "ChessBase"]
[SourceDate "2000.11.22"]
[SourceVersion "1"]
[SourceVersionDate "2000.11.22"]
[SourceQuality "1"]

1. d4 Nf6 2. Nf3 e6 3. e3 c5 4. c4 d5 5. Nc3 Nc6 6. a3 dxc4 7. Bxc4 cxd4 8. exd4 Be7 9. O-O O-O 10. Re1 b6 11. Qd3 a5 12. Bg5 Bb7 13. Rad1 Nd5 14. Bc1 Nxc3 15. bxc3 a4 16. Bb5 Na5 17. c4 Nb3 18. Bb2 Qc7 19. Ne5 Rfd8 20. Qe3 Bf6 21. Ng4 Qe7 22. Bc3 h5 23. Bb4 Qc7 24. Nxf6+ gxf6 25. d5 exd5 26. Be7 d4 27. Qh6 1-0

[Event "Masters-Juniors"]
[Site "Montreal CAN"]
[Date "1997.??.??"]
[Round "6"]
[White "Goldenberg, Danny"]
[Black "Hebert, Jean"]
[Result "0-1"]
[WhiteElo "2255"]
[BlackElo "2450"]
[PlyCount "80"]
[GameId "2160767911874335"]
[EventDate "1997.12.17"]
[EventType "schev"]
[EventRounds "6"]
[EventCountry "CAN"]
[SourceTitle "EXT 2001"]
[Source "ChessBase"]
[SourceDate "2000.11.22"]
[SourceVersion "1"]
[SourceVersionDate "2000.11.22"]
[SourceQuality "1"]

1. e4 c5 2. Nf3 Nc6 3. d4 cxd4 4. Nxd4 e6 5. Nc3 a6 6. Be2 Qc7 7. O-O Nf6 8. Be3 Bb4 9. Nxc6 bxc6 10. Bd3 d5 11. exd5 cxd5 12. f4 Bc5 13. Bxc5 Qxc5+ 14. Kh1 O-O 15. Qf3 Bb7 16. Rae1 Rab8 17. Re5 Qb6 18. Qh3 g6 19. Qh4 Kg7 20. f5 Rbe8 21. fxg6 fxg6 22. Na4 Qa7 23. Rfe1 Rf7 24. b4 Ne4 25. Bxe4 Qd4 26. Nc5 Qxe5 27. Nxb7 dxe4 28. Nc5 Ref8 29. g3 e3 30. Qh3 Rf5 31. g4 Rf3 32. Qg2 Qd5 33. Kg1 Kg8 34. Nd3 Qd4 35. Re2 e5 36. g5 e4 37. Ne1 Rf2 38. Qg4 Rxe2 39. Qxe2 Qd2 40. Qc4+ Kh8 0-1

[Event "Botvinnik Anti Meran mem."]
[Site "Montreal CAN"]
[Date "1997.11.01"]
[Round "1"]
[White "Hebert, Jean"]
[Black "Landry, Sylvain"]
[Result "1-0"]
[WhiteElo "2454"]
[BlackElo "1978"]
[PlyCount "55"]
[GameId "2160767911874425"]
[EventDate "1997.11.01"]
[EventType "swiss"]
[EventRounds "4"]
[EventCountry "CAN"]
[SourceTitle "FQE 01"]

1. d4 d5 2. c4 c6 3. Nf3 Nf6 4. Nc3 e6 5. Bg5 dxc4 6. e4 b5 7. e5 h6 8. Bh4 g5 9. exf6 gxh4 10. Ne5 Qxf6 11. a4 Bb4 12. Be2 O-O 13. Bf3 Nd7 14. Nxc6 Bxc3+ 15. bxc3 e5 16. O-O exd4 17. Re1 Kh8 18. cxd4 Bb7 19. axb5 a6 20. Ne5 Bxf3 21. Nxd7 Bxd1 22. Nxf6 Bb3 23. bxa6 Rfd8 24. a7 Rxd4 25. Re8+ Kg7 26. Nh5+ Kg6 27. Rxa8 Kxh5 28. Rg8 1-0

[Event "Botvinnik Anti Meran mem."]
[Site "Montreal CAN"]
[Date "1997.11.01"]
[Round "3"]
[White "Hebert, Jean"]
[Black "Gravel, Simon M"]
[Result "1-0"]
[WhiteElo "2454"]
[BlackElo "2295"]
[PlyCount "59"]
[GameId "2160767911874432"]
[EventDate "1997.11.01"]
[EventType "swiss"]
[EventRounds "4"]
[EventCountry "CAN"]
[SourceTitle "FQE 01"]

1. d4 d5 2. c4 c6 3. Nf3 Nf6 4. Nc3 e6 5. Bg5 dxc4 6. e4 b5 7. e5 h6 8. Bh4 g5 9. exf6 gxh4 10. Ne5 Qxf6 11. a4 Bb7 12. Be2 c5 13. Nxb5 Na6 14. O-O Rg8 15. Bf3 O-O-O 16. Nxa7+ Kb8 17. Nac6+ Bxc6 18. Nxc6+ Kc7 19. Nxd8 Kxd8 20. Rc1 cxd4 21. Rxc4 e5 22. Qb3 Qe6 23. Bd5 Qe8 24. Qb7 Nc5 25. Qb8+ Kd7 26. Qa7+ Kd8 27. Rxc5 Bxc5 28. Qxc5 e4 29. Bxe4 Qxe4 30. Qd6+ 1-0

[Event "Botvinnik Anti Meran mem."]
[Site "Montreal CAN"]
[Date "1997.11.01"]
[Round "4"]
[White "Morin, Yves"]
[Black "Hebert, Jean"]
[Result "0-1"]
[WhiteElo "2246"]
[BlackElo "2454"]
[PlyCount "32"]
[GameId "2160767911874438"]
[EventDate "1997.11.01"]
[EventType "swiss"]
[EventRounds "4"]
[EventCountry "CAN"]
[SourceTitle "FQE 01"]

1. d4 d5 2. c4 c6 3. Nf3 Nf6 4. Nc3 e6 5. Bg5 dxc4 6. e4 b5 7. e5 h6 8. Bh4 g5 9. Bg3 Nd5 10. Rc1 Qa5 11. Rc2 b4 12. Ne4 b3+ 13. Rd2 bxa2 14. Qa1 Ba6 15. Nd6+ Bxd6 16. exd6 Nd7 0-1

[Event "Beloeil CC-ch"]
[Site "Beloeil CAN"]
[Date "1997.10.14"]
[Round "2"]
[White "Hebert, Jean"]
[Black "Lacroix, Serge"]
[Result "1-0"]
[WhiteElo "2451"]
[BlackElo "1928"]
[PlyCount "103"]
[GameId "2160767911931963"]
[EventDate "1997.09.28"]
[EventType "swiss"]
[EventRounds "6"]
[EventCountry "CAN"]

1. e4 e5 2. Nf3 Nc6 3. Bc4 Nf6 4. Ng5 d5 5. exd5 Na5 6. Bb5+ c6 7. dxc6 bxc6 8. Be2 h6 9. Nh3 Bxh3 10. gxh3 Qd7 11. Bg4 Nxg4 12. Qxg4 h5 13. Qxd7+ Kxd7 14. d3 Rb8 15. Nd2 g6 16. Nb3 Nb7 17. Be3 c5 18. c3 Rc8 19. f4 exf4 20. Bxf4 Bd6 21. Bxd6 Rhe8+ 22. Kd2 Nxd6 23. Rae1 c4 24. Nd4 cxd3 25. Kxd3 a6 26. Rhg1 Rxe1 27. Rxe1 Rc5 28. h4 Nf5 29. Rf1 Nd6 30. b4 Re5 31. c4 Re7 32. Rf6 Re1 33. c5 Rd1+ 34. Ke3 Nc4+ 35. Ke4 Re1+ 36. Kf4 Rf1+ 37. Kg5 Rg1+ 38. Kh6 Rg4 39. c6+ Kc8 40. Nf3 Nb6 41. a3 Nc4 42. a4 Kc7 43. b5 axb5 44. axb5 Kb6 45. Rxf7 Nd6 46. Rd7 Nf5+ 47. Kh7 Kxb5 48. Ne5 Kb6 49. Rb7+ Kc5 50. Nxg4 Kxc6 51. Rb4 Kc5 52. Rf4 1-0

[Event "Beloeil CC-ch"]
[Site "Beloeil CAN"]
[Date "1997.10.28"]
[Round "3"]
[White "Leveille, Francois"]
[Black "Hebert, Jean"]
[Result "1/2-1/2"]
[WhiteElo "2327"]
[BlackElo "2451"]
[PlyCount "82"]
[GameId "2160767911931965"]
[EventDate "1997.09.28"]
[EventType "swiss"]
[EventRounds "6"]
[EventCountry "CAN"]

1. d4 Nf6 2. Nf3 g6 3. c4 Bg7 4. Nc3 O-O 5. e4 d6 6. Be2 e5 7. O-O Na6 8. d5 Nc5 9. Qc2 a5 10. Bg5 h6 11. Be3 Ne8 12. Nd2 f5 13. exf5 gxf5 14. f4 exf4 15. Bxf4 Nf6 16. Rae1 Bd7 17. Bd1 Re8 18. Nb3 Rxe1 19. Rxe1 Nce4 20. Qc1 Nxc3 21. bxc3 Ne4 22. Bc2 Nxc3 23. Bxh6 Qf6 24. Bxg7 Kxg7 25. Qd2 Rh8 26. Nd4 Rh4 27. Qxc3 Rxd4 28. h3 b6 29. Qg3+ Kf7 30. Bd3 Rh4 31. Rf1 Rh5 32. Qf3 Rg5 33. Qf4 Kg7 34. g3 Rg6 35. g4 Qh4 36. Kg2 Rg5 37. Qd4+ Kg8 38. Qf4 Qh6 39. Kg3 Qg7 40. Kh4 Qh6+ 41. Kg3 Qg7 1/2-1/2

[Event "Beloeil CC-ch"]
[Site "Beloeil CAN"]
[Date "1997.11.04"]
[Round "4"]
[White "Hebert, Jean"]
[Black "Wenaas, Eric"]
[Result "1-0"]
[WhiteElo "2451"]
[BlackElo "2155"]
[PlyCount "85"]
[GameId "2160767911931967"]
[EventDate "1997.09.28"]
[EventType "swiss"]
[EventRounds "6"]
[EventCountry "CAN"]

1. d4 d5 2. c4 e6 3. Nc3 Nf6 4. cxd5 exd5 5. Bg5 c6 6. Qc2 Be7 7. e3 O-O 8. Bd3 Nbd7 9. Nf3 Re8 10. h3 Nf8 11. g4 b6 12. O-O-O Bb7 13. Rdg1 Ne4 14. Bxe7 Qxe7 15. Bxe4 dxe4 16. Nd2 c5 17. dxc5 Qxc5 18. Rd1 Rac8 19. Kb1 Qe5 20. Qa4 a6 21. Nc4 b5 22. Nxe5 bxa4 23. Nd7 a3 24. Nxf8 Kxf8 25. Rd4 axb2 26. Kxb2 Rc5 27. Rhd1 h5 28. Rb4 Rec8 29. Na4 Rb5 30. Rxb5 axb5 31. Nb6 Rc7 32. gxh5 Ke8 33. Rd4 Re7 34. Kb3 Bc6 35. Rd6 Re6 36. Rxe6+ fxe6 37. Kb4 Kd8 38. Kc5 Kc7 39. Nc8 Bd5 40. Nd6 Bxa2 41. Nxb5+ Kd7 42. Nc3 Bb3 43. Kd4 1-0

[Event "Beloeil CC-ch"]
[Site "Beloeil CAN"]
[Date "1997.11.18"]
[Round "6"]
[White "Mikanovic, Goran"]
[Black "Hebert, Jean"]
[Result "0-1"]
[WhiteElo "2302"]
[BlackElo "2451"]
[PlyCount "112"]
[GameId "2160767911931969"]
[EventDate "1997.09.28"]
[EventType "swiss"]
[EventRounds "6"]
[EventCountry "CAN"]

1. d4 Nf6 2. Nf3 e6 3. c4 Bb4+ 4. Bd2 c5 5. Bxb4 cxb4 6. g3 Qc7 7. Nbd2 b6 8. Bg2 Bb7 9. Rc1 O-O 10. Nf1 d6 11. Ne3 Nbd7 12. O-O Rfe8 13. Qb3 a5 14. a3 bxa3 15. Qxa3 Be4 16. Nd2 Bxg2 17. Kxg2 Nb8 18. Qd3 Qb7+ 19. Kg1 Na6 20. Nf3 Rad8 21. Rfd1 Nb4 22. Qb1 Rc8 23. b3 Rc7 24. Nc2 Nxc2 25. Rxc2 Rec8 26. Rdc1 h6 27. b4 Qa6 28. b5 Qb7 29. Qb3 Ne4 30. Qa3 d5 31. Ne5 dxc4 32. Nc6 Rd7 33. Rxc4 Nd6 34. Ne7+ Rxe7 35. Qxd6 Rxc4 36. Rxc4 Rd7 37. Qc6 Kf8 38. Kf1 Ke7 39. Qxb7 Rxb7 40. e4 Ra7 41. Rc3 f5 42. f3 fxe4 43. fxe4 e5 44. d5 a4 45. Ke2 a3 46. Rc1 a2 47. Ra1 Kd6 48. Kd3 Kc5 49. Kc3 Ra4 50. Kb2 Rxe4 51. Rc1+ Kxd5 52. Kxa2 Rb4 53. Rc7 Rxb5 54. Rxg7 e4 55. g4 Kd4 56. h4 e3 0-1

[Event "Beloeil active"]
[Site "Beloeil CAN"]
[Date "1995.09.27"]
[Round "4"]
[White "Lacroix, Serge"]
[Black "Hebert, Jean"]
[Result "0-1"]
[WhiteElo "1846"]
[BlackElo "2427"]
[PlyCount "60"]
[GameId "2160767911932015"]
[EventDate "1997.09.27"]
[EventType "swiss (rapid)"]
[EventRounds "4"]
[EventCountry "CAN"]

1. e4 g6 2. d4 d6 3. f4 d5 4. e5 h5 5. c4 c6 6. Nc3 Nh6 7. Qb3 dxc4 8. Qxc4 b5 9. Qd3 Bf5 10. Qd1 e6 11. Nf3 Nd7 12. Bd3 Nb6 13. Be3 Be7 14. O-O Ng4 15. Bc1 Qd7 16. h3 O-O-O 17. a4 b4 18. a5 Nd5 19. Nxd5 Qxd5 20. Bxf5 gxf5 21. Bd2 Kb8 22. Qa4 c5 23. Qb5+ Ka8 24. Rfc1 Rhg8 25. a6 Rb8 26. Qa5 Nxe5 27. fxe5 Qxf3 28. g4 Qxh3 29. Qc7 Rxg4+ 30. Kf2 Rg2+ 0-1

[Event "Drummondville"]
[Site "Drummondville CAN"]
[Date "1997.08.16"]
[Round "2"]
[White "Hebert, Jean"]
[Black "Wenaas, Eric"]
[Result "1-0"]
[WhiteElo "2444"]
[BlackElo "2119"]
[PlyCount "85"]
[GameId "2160767911932204"]
[EventDate "1997.08.15"]
[EventType "swiss"]
[EventRounds "5"]
[EventCountry "CAN"]
[SourceTitle "EXT 2022"]
[Source "ChessBase"]
[SourceDate "2021.10.06"]
[SourceVersion "1"]
[SourceVersionDate "2021.10.06"]
[SourceQuality "1"]

1. d4 d5 2. c4 e6 3. Nc3 Nf6 4. Bg5 Be7 5. Nf3 O-O 6. e3 Nbd7 7. Rc1 c6 8. a3 a5 9. Qc2 Re8 10. Bd3 dxc4 11. Bxc4 Nd5 12. Ne4 h6 13. Bxe7 Qxe7 14. O-O N5f6 15. Ng3 e5 16. Nf5 Qf8 17. N3h4 Nd5 18. e4 Nf4 19. g3 Ne6 20. d5 cxd5 21. Bxd5 g6 22. Bxe6 Rxe6 23. Ne3 Nf6 24. Nf3 Qe7 25. Qb3 Rd6 26. Rc5 Nxe4 27. Rxe5 Re6 28. Rb5 Nc5 29. Qc3 Ne4 30. Qd4 Qf6 31. Rd5 Qxd4 32. Rxd4 Nf6 33. Rfd1 Kf8 34. g4 Re4 35. Rxe4 Nxe4 36. Rd8+ Ke7 37. Rh8 Nf6 38. Ne5 b6 39. N3c4 Bb7 40. Rxa8 Bxa8 41. Nxb6 Ke6 42. Nec4 Be4 43. h3 1-0

[Event "Drummondville"]
[Site "Drummondville CAN"]
[Date "1997.08.16"]
[Round "3"]
[White "Goldenberg, Danny"]
[Black "Hebert, Jean"]
[Result "0-1"]
[WhiteElo "2267"]
[BlackElo "2444"]
[PlyCount "104"]
[GameId "2160767911932207"]
[EventDate "1997.08.15"]
[EventType "swiss"]
[EventRounds "5"]
[EventCountry "CAN"]
[SourceTitle "EXT 2022"]
[Source "ChessBase"]
[SourceDate "2021.10.06"]
[SourceVersion "1"]
[SourceVersionDate "2021.10.06"]
[SourceQuality "1"]

1. e4 e6 2. d4 d5 3. e5 c5 4. c3 Nc6 5. Nf3 Bd7 6. Be2 f6 7. exf6 Nxf6 8. O-O Bd6 9. Re1 O-O 10. Nbd2 cxd4 11. cxd4 Qb6 12. Bd3 Nxd4 13. Nxd4 Qxd4 14. Nf3 Qb6 15. Be3 Bc5 16. Bxc5 Qxc5 17. Ne5 Bb5 18. Rc1 Qb6 19. Qb3 Bxd3 20. Qxb6 axb6 21. Nxd3 Rae8 22. f3 Re7 23. Rc3 Rd8 24. Ne5 Kf8 25. Rb3 Rc7 26. Rxb6 Ke7 27. Nd3 Rd6 28. Rb3 Rdc6 29. Re2 Kd6 30. Kf2 Nd7 31. Nf4 e5 32. Nd3 Rc2 33. Rxc2 Rxc2+ 34. Kg3 Rd2 35. a3 b5 36. Nc1 Rc2 37. Nd3 Nc5 38. Nxc5 Kxc5 39. Re3 Kd4 40. Rb3 Kc4 41. Rb4+ Kc5 42. h4 d4 43. Rb3 Re2 44. a4 b4 45. a5 Re1 46. Rd3 Kc4 47. Rd2 Ra1 48. Rc2+ Kb3 49. Rc5 d3 50. Rd5 Kc2 51. Rc5+ Kxb2 52. Rd5 Kc3 0-1

[Event "Drummondville"]
[Site "Drummondville CAN"]
[Date "1997.08.17"]
[Round "4"]
[White "Hebert, Jean"]
[Black "Schleifer, Michael"]
[Result "1/2-1/2"]
[WhiteElo "2444"]
[BlackElo "2343"]
[PlyCount "89"]
[GameId "2160767911932209"]
[EventDate "1997.08.15"]
[EventType "swiss"]
[EventRounds "5"]
[EventCountry "CAN"]
[SourceTitle "EXT 2022"]
[Source "ChessBase"]
[SourceDate "2021.10.06"]
[SourceVersion "1"]
[SourceVersionDate "2021.10.06"]
[SourceQuality "1"]

1. d4 Nf6 2. c4 c6 3. Nc3 d5 4. Nf3 g6 5. e3 Bg7 6. Bd3 O-O 7. O-O c5 8. cxd5 Nxd5 9. h3 cxd4 10. exd4 Nc6 11. Be4 Nf6 12. Bc2 b6 13. Re1 Bb7 14. Bg5 Rc8 15. Qe2 Rc7 16. Rad1 Nb4 17. Bb3 Nbd5 18. Nb5 Ba6 19. Bc4 Bxb5 20. Bxb5 Qd6 21. a3 Nf4 22. Qd2 Ne6 23. Bxf6 Bxf6 24. d5 Nc5 25. Qe2 a6 26. Bc6 b5 27. Rc1 Na4 28. Rc2 Nb6 29. Nd2 Bg7 30. Ne4 Qd8 31. Rd1 Qc8 32. Rdc1 Qd8 33. b3 Kh8 34. Rd1 Qc8 35. Rcd2 Kg8 36. Qe3 Nd7 37. Bxd7 Qxd7 38. Nc5 Qd6 39. b4 Rfc8 40. Qd3 Rxc5 41. bxc5 Rxc5 42. Rc2 Rxc2 43. Qxc2 Bf6 44. Qb3 Kg7 45. Rd3 1/2-1/2